Blessings : a novel / Anna Quindlen.
Record details
- ISBN: 0375502238
- Physical Description: 226 pages ; 25 cm.
- Edition: 1st edition
- Publisher: New York : Random House, 2002.
Search for related items by subject
| Subject: | Foundlings > Fiction. Administration of estates > Fiction. Women landowners > Fiction. Domestic fiction. |
Available copies
- 0 of 1 copy available at scottsboropl.
Holds
- 0 current holds with 1 total copy.
Show Only Available Copies
| Location | Call Number / Copy Notes | Barcode | Shelving Location | Status | Due Date |
|---|---|---|---|---|---|
| scottsboropl | F Qui | 32269000668320 | Adult - Fiction | Checked out | 04/15/2026 |
| LDR | 00809cam a2200265 a 4500 | ||
|---|---|---|---|
| 001 | 118267 | ||
| 003 | CONS | ||
| 005 | 20140703075951.0 | ||
| 008 | 020307s2002 nyu 000 1 eng | ||
| 010 | . | ‡a 2002024802 | |
| 020 | . | ‡a0375502238 | |
| 035 | . | ‡a(CPomAG)LMN318171 | |
| 050 | 0 | 0. | ‡aPS3567.U336 ‡bB59 2002 |
| 082 | 0 | 0. | ‡a813/.54 ‡221 |
| 100 | 1 | . | ‡aQuindlen, Anna. |
| 245 | 1 | 0. | ‡aBlessings : ‡ba novel / ‡cAnna Quindlen. |
| 250 | . | ‡a1st edition | |
| 260 | . | ‡aNew York : ‡bRandom House, ‡c2002. | |
| 300 | . | ‡a226 pages ; ‡c25 cm. | |
| 650 | 0. | ‡aFoundlings ‡vFiction. | |
| 650 | 0. | ‡aAdministration of estates ‡vFiction. | |
| 650 | 0. | ‡aWomen landowners ‡vFiction. | |
| 650 | 0. | ‡aDomestic fiction. | |
| 959 | . | ‡i32269000668320 ‡lF Qui ‡aAdult - Fiction ‡tFiction ‡g26.00 | |
| 852 | . | ‡p32269000668320 ‡jF Qui ‡gAdult - Fiction ‡cFiction ‡y26.00 ‡bSBPL | |
| 901 | . | ‡a118267 ‡bUnknown ‡c118267 ‡tbiblio | |